[Event "Championnat de France des Jeunes - Minim"]
[Site "Aix-les-Bains"]
[Date "2009.??.??"]
[Round "6.7"]
[White "Youssoupov, Moisse"]
[Black "Dubessay, Bastien"]
[Result "0-1"]
[WhiteElo "1942"]
[BlackElo "2134"]
[PlyCount "130"]

1. d4 Nf6 2. Nf3 g6 3. Bf4 Bg7 4. e3 O-O 5. Be2 d6 6. O-O Nbd7 7. c3 b6 8. Nbd2
Bb7 9. Qc2 Re8 10. Rfd1 e5 11. Bg3 Qe7 12. a4 a6 13. h3 Rac8 14. Bh4 h6 15.
Rac1 g5 16. Bg3 e4 17. Ne1 Kh8 18. c4 a5 19. Qb3 Ba6 20. Nc2 Rf8 21. Bf1 Ne8
22. Qa3 f5 23. Re1 Bb7 24. Bh2 c5 25. Qb3 h5 26. Be2 h4 27. Bh5 Kh7 28. Bxe8
Rcxe8 29. Rcd1 f4 30. exf4 gxf4 31. d5 e3 32. fxe3 fxe3 33. Rxe3 Bd4 34. Nxd4
Qxe3+ 35. Qxe3 Rxe3 36. Ne6 Rg8 37. Kf2 Rd3 38. Bxd6 Bxd5 39. cxd5 Rxd5 40. Bh2
Nf6 41. Nf4 Rd4 42. Ne2 Rd7 43. Nc3 Rgd8 44. Bf4 Kg6 45. Re1 Nh5 46. Be3 Rxd2+
47. Bxd2 Rxd2+ 48. Re2 Rxe2+ 49. Kxe2 Nf4+ 50. Kf3 Kf5 51. Nd1 Nd3 52. Ke3 Ne1
53. Kf2 Nd3+ 54. Ke3 c4 55. Kd4 Kf4 56. Kxc4 Ne1 57. Kb5 Nxg2 58. Kxb6 Kg3 59.
Kxa5 Kxh3 60. Nf2+ Kg3 61. Nh1+ Kh2 62. Nf2 Nf4 63. b4 Kg2 64. b5 Kxf2 65. b6
Ne6 0-1

[Event "Championnat de France des Jeunes - Minim"]
[Site "Aix-les-Bains"]
[Date "2009.??.??"]
[Round "6.8"]
[White "Velten, Paul"]
[Black "Ane, Cedric"]
[Result "1-0"]
[WhiteElo "2129"]
[BlackElo "2060"]
[PlyCount "79"]

1. d4 Nf6 2. Nf3 e6 3. Bg5 h6 4. Bh4 c5 5. e3 b6 6. Nbd2 cxd4 7. exd4 Bb7 8.
Bd3 Be7 9. c3 Nc6 10. O-O O-O 11. Re1 d6 12. Qe2 Re8 13. Bxf6 Bxf6 14. Qe4 g6
15. Qf4 Bg7 16. Nc4 e5 17. Qg3 b5 18. Ncd2 a6 19. Nb3 Qb6 20. Be4 a5 21. Bd5
Ne7 22. Bxb7 Nf5 23. Qh3 Qxb7 24. g4 Ne7 25. dxe5 Nd5 26. Qg3 dxe5 27. Nxe5 b4
28. c4 Nb6 29. c5 Na4 30. Nc4 Rxe1+ 31. Rxe1 Nxb2 32. Nbxa5 Qb5 33. Qf3 Rf8 34.
Nxb2 Qxa5 35. Nd3 Qxa2 36. Nxb4 Qc4 37. Nd3 Rd8 38. Rd1 Bd4 39. Kg2 Bxf2 40.
Ne5 1-0

[Event "Championnat de France des Jeunes - Minim"]
[Site "Aix-les-Bains"]
[Date "2009.??.??"]
[Round "6.9"]
[White "Brunier, Jules"]
[Black "Marie, Loic"]
[Result "1-0"]
[WhiteElo "2004"]
[BlackElo "1971"]
[PlyCount "60"]

1. e4 e6 2. d4 d5 3. Nd2 c5 4. exd5 exd5 5. Ngf3 Nc6 6. Bb5 Bd6 7. O-O Nge7 8.
dxc5 Bxc5 9. Nb3 Bb6 10. Re1 O-O 11. Be3 Bf5 12. c3 Be4 13. Nfd4 Qd6 14. f3 Bg6
15. Bf2 Bc7 16. Bg3 Qd8 17. Bh4 Qd6 18. Bg3 Qd8 19. Bxc7 Qxc7 20. Qd2 Rfe8 21.
Bf1 a6 22. Re2 Nf5 23. Rxe8+ Rxe8 24. Nxf5 Bxf5 25. Qxd5 Qb6+ 26. Qc5 Qxc5+ 27.
Nxc5 Re7 28. Rd1 h6 29. Kf2 Kf8 30. Rd6 Ne5 1-0

[Event "Championnat de France des Jeunes - Minim"]
[Site "Aix-les-Bains"]
[Date "2009.??.??"]
[Round "6.10"]
[White "Ternault, Mathieu"]
[Black "Dionisi, Thomas"]
[Result "1/2-1/2"]
[WhiteElo "1911"]
[BlackElo "2129"]
[PlyCount "110"]

1. d4 g6 2. Nf3 Bg7 3. c3 d6 4. e4 Nd7 5. Bc4 Nb6 6. Bb3 Nf6 7. Qe2 O-O 8. O-O
Bg4 9. Bg5 h6 10. Bh4 e5 11. dxe5 dxe5 12. Rd1 Qe7 13. h3 Bd7 14. Nbd2 Bc6 15.
Bg3 Nh5 16. Bh2 a5 17. a3 Nd7 18. Re1 Rad8 19. Rad1 Nc5 20. Bc4 Na4 21. Nb3 b6
22. Bd5 Bd7 23. Nc1 c6 24. Ba2 Bc8 25. Qc2 Nc5 26. b4 Nd7 27. Bc4 b5 28. Ba2
Nf4 29. Ne2 Ne6 30. Rd2 Ng5 31. Nxg5 hxg5 32. Red1 Nb6 33. Nc1 a4 34. Rxd8 Rxd8
35. Rxd8+ Qxd8 36. Nd3 Qd6 37. Nc5 Nd7 38. Qd3 Qxd3 39. Nxd3 Kf8 40. f4 Ke7 41.
Kf1 f6 42. Ke2 Nf8 43. Nc5 Ne6 44. Nd3 Nc7 45. Nc5 Bf8 46. Bg1 Ke8 47. Be3 Bxc5
48. Bxc5 Be6 49. Bxe6 Nxe6 50. g3 Kf7 51. Ke3 Nd8 52. Kf2 Ke6 53. Ke3 Nb7 54.
Kd3 Nd6 55. Bxd6 Kxd6 1/2-1/2

[Event "Championnat de France des Jeunes - Minim"]
[Site "Aix-les-Bains"]
[Date "2009.??.??"]
[Round "6.11"]
[White "Grandadam, Nicolas"]
[Black "Touzeau, Maxime"]
[Result "1-0"]
[WhiteElo "2133"]
[BlackElo "1876"]
[PlyCount "59"]

1. Nf3 Nf6 2. c4 g6 3. Nc3 c5 4. d4 cxd4 5. Nxd4 Bg7 6. e4 d6 7. Be2 Nc6 8. Be3
O-O 9. O-O Nxd4 10. Bxd4 Be6 11. Rc1 a6 12. b3 h5 13. f3 Kh7 14. Rc2 Bh6 15.
Bxf6 exf6 16. f4 f5 17. exf5 Bxf5 18. Bd3 Bg4 19. Be2 Bf5 20. Rd2 Qb6+ 21. Kh1
Rad8 22. Nd5 Qa7 23. Ne7 Be6 24. f5 Bxd2 25. Qxd2 Rfe8 26. Qg5 gxf5 27. Nxf5
Bxf5 28. Qxf5+ Kg8 29. Qxf7+ Kh8 30. Qxh5+ 1-0

[Event "Championnat de France des Jeunes - Minim"]
[Site "Aix-les-Bains"]
[Date "2009.??.??"]
[Round "6.12"]
[White "Prodhomme, Adrien"]
[Black "Billon, Olivier"]
[Result "0-1"]
[WhiteElo "1883"]
[BlackElo "1995"]
[PlyCount "85"]

1. e4 c5 2. Nc3 Nc6 3. g3 g6 4. Bg2 Bg7 5. d3 d6 6. f4 e6 7. Nf3 Nge7 8. O-O
O-O 9. Be3 b6 10. d4 d5 11. exd5 Nf5 12. Bf2 Ncxd4 13. dxe6 Bxe6 14. Ng5 Bc4
15. Re1 Re8 16. Be4 h6 17. Nf3 Rxe4 18. Rxe4 Ba6 19. Re1 Bb7 20. Bxd4 Nxd4 21.
Ne4 f5 22. Ned2 Nxf3+ 23. Nxf3 Qxd1 24. Raxd1 Bxf3 25. Rd6 Kf7 26. Rd7+ Kf8 27.
c3 Be4 28. Red1 g5 29. fxg5 hxg5 30. R1d6 f4 31. gxf4 gxf4 32. Rd8+ Rxd8 33.
Rxd8+ Ke7 34. Rd1 Ke6 35. Kf2 Bf6 36. Ke2 Bg5 37. b4 c4 38. Rd4 Bd5 39. h4 Bh6
40. Kf2 Ke5 41. a4 Bf8 42. h5 a5 43. b5 0-1

[Event "Championnat de France des Jeunes - Minim"]
[Site "Aix-les-Bains"]
[Date "2009.??.??"]
[Round "6.13"]
[White "Bertrand, Quentin"]
[Black "Stepenko, Roman"]
[Result "1-0"]
[WhiteElo "1992"]
[BlackElo "1830"]
[PlyCount "97"]

1. e4 c5 2. Nf3 e6 3. d4 cxd4 4. Nxd4 a6 5. Nc3 Qc7 6. Bd3 Nf6 7. Qe2 d6 8. f4
Nbd7 9. O-O Be7 10. Nb3 b5 11. Bd2 Bb7 12. Rae1 e5 13. Kh1 h6 14. Nd1 Rc8 15.
Ba5 Qb8 16. Bc3 Nc5 17. Nxc5 Rxc5 18. fxe5 dxe5 19. Bb4 Rc7 20. Bxe7 Rxe7 21.
Ne3 Bc8 22. a4 Bd7 23. axb5 axb5 24. Nf5 Bxf5 25. Rxf5 Rb7 26. Ref1 Rb6 27. Qf2
O-O 28. Qh4 Nh7 29. Qe7 Re6 30. Qd7 Rf6 31. Qxb5 Rb6 32. Qxe5 Qxe5 33. Rxe5
Rxb2 34. Re7 Nf6 35. Kg1 Ng4 36. h3 Ne3 37. Rf2 Nd1 38. Rf5 Rb4 39. e5 Nb2 40.
e6 f6 41. Rf3 g5 42. Ra7 Nxd3 43. cxd3 f5 44. Re3 Rbb8 45. d4 f4 46. Rc3 Rfd8
47. Rcc7 Rxd4 48. Rg7+ Kh8 49. Rh7+ 1-0

[Event "Championnat de France des Jeunes - Minim"]
[Site "Aix-les-Bains"]
[Date "2009.??.??"]
[Round "6.14"]
[White "Domenech, Vianney"]
[Black "Ambroise, Thibault"]
[Result "1/2-1/2"]
[WhiteElo "1987"]
[BlackElo "1611"]
[PlyCount "64"]

1. d4 Nf6 2. Bf4 e6 3. e3 b6 4. Nf3 Bb7 5. Bd3 Be7 6. Nbd2 d6 7. c4 Nbd7 8. h4
h6 9. Qe2 c5 10. a3 Rc8 11. b4 O-O 12. Rg1 cxd4 13. exd4 h5 14. Kf1 Re8 15. Bg5
Ng4 16. Ne4 Ndf6 17. Ng3 Qc7 18. Bxf6 Nxf6 19. Ng5 g6 20. Re1 Ng4 21. f3 Nh6
22. Bxg6 fxg6 23. Qxe6+ Kg7 24. N3e4 Bxg5 25. Nxg5 Qxc4+ 26. Qxc4 Rxe1+ 27. Kf2
Rxc4 28. Rxe1 Bd5 29. Re7+ Kf6 30. Rxa7 Nf5 31. Nh7+ Ke6 32. Nf8+ Kf6 1/2-1/2

[Event "Championnat de France des Jeunes - Minim"]
[Site "Aix-les-Bains"]
[Date "2009.??.??"]
[Round "6.15"]
[White "Farnolle, Rudy"]
[Black "Mouhamad, Joachin"]
[Result "0-1"]
[WhiteElo "1856"]
[BlackElo "1978"]
[PlyCount "80"]

1. d4 Nf6 2. c4 c5 3. e3 g6 4. Nc3 Bg7 5. Nf3 O-O 6. Be2 b6 7. Qc2 d6 8. d5 e6
9. e4 exd5 10. cxd5 a6 11. a4 Bg4 12. Nd2 Bxe2 13. Nxe2 Nbd7 14. Nc4 Qe7 15. f3
b5 16. Na5 Ne5 17. O-O Rfe8 18. Ng3 c4 19. Bd2 Qa7+ 20. Kh1 Nd3 21. Bc3 Nd7 22.
Nc6 Qc5 23. Bxg7 Kxg7 24. b3 N7e5 25. Nxe5 dxe5 26. h3 Rec8 27. Ne2 Qe3 28. Nc1
Nf4 29. axb5 axb5 30. Rxa8 Rxa8 31. bxc4 bxc4 32. Qxc4 Qd2 33. Rg1 Ra3 34. Nb3
Qb2 35. Nc1 Rc3 36. Qf1 Qd2 37. Qd1 Qf2 38. Qe1 Qb2 39. Kh2 Rxf3 40. Kh1 Rf2
0-1

[Event "Championnat de France des Jeunes - Minimettes"]
[Site "Aix les Bains"]
[Date ""]
[Round "6.1"]
[White "Soubirou, Oriane"]
[Black "Neuhauser, Salome"]
[Result "0-1"]
[WhiteElo "1855"]
[BlackElo "1977"]
[Annotator ""]

1. d4 Nf6 2. c4 e6 3. Nf3 Bb4+ 4. Bd2 Qe7 5. g3 Nc6 6. Bg2 Bxd2+ 7. Qxd2 d6 8.
Nc3 O-O 9. O-O e5 10. Nd5 Qd8 11. Rfd1 Re8 12. dxe5 Nxd5 13. cxd5 Nxe5 14. Nxe5
Rxe5 15. Rac1 Bf5 16. e3 Bg4 17. Re1 f5 18. Qb4 b6 19. Qc4 Re7 20. Rc3 Bh5 21.
Rec1 Bf7 22. Qc6 Rb8 23. Qa4 Rb7 24. Qc2 g6 25. Qd2 a5 26. Qd3 Ra7 27. Qd4 Re5
28. a4 Qd7 29. b3 Qd8 30. h4 Re8 31. Rc6 Qe7 32. Qc3 Rc8 33. Rxb6 Be8 34. Qd3
Rca8 35. Rbc6 Bxc6 36. dxc6 Qe5 37. Bd5+ Kg7 38. f4 Qf6 39. Qc3 Re8 40. Kf2
Raa8 41. Kf3 h6 42. Rc2 Re7 43. Qxf6+ Kxf6 44. Rc3 g5 45. hxg5+ hxg5 46. g4
gxf4 47. Kxf4 fxg4 48. Kxg4 Re5 49. Rd3 Rh8 50. e4 Rg5+ 51. Kf4 Rh4+ 52. Ke3
Ke5 53. Rd2 Rh3+ 54. Ke2 Rh2+ 55. Kd3 Rxd2+ 56. Kxd2 Kd4 57. Kc2 Rxd5 58. exd5
Kxd5 59. Kc3 Kc5 60. Kd3 Kb4 61. Kd4 Kxb3 62. Kd5 Kxa4 63. Kc4 Ka3 64. Kb5 a4
65. Ka6 Kb4 66. Kb7 a3 67. Kxc7 a2 68. Kxd6 a1=Q 69. c7 Qa8 70. Kd7 Qd5+ 71.
Ke7 Qc6 72. Kd8 Qd6+ 73. Kc8 Kb5 74. Kb7 Qd7 75. Kb8 Kb6 76. Ka8 Qc8# 0-1

[Event "Championnat de France des Jeunes - Minim"]
[Site "Aix les Bains"]
[Date "2009.??.??"]
[Round "6.2"]
[White "Haussernot, Cecile"]
[Black "Thuret, Marine"]
[Result "1-0"]
[WhiteElo "1924"]
[BlackElo "1764"]
[PlyCount "99"]

1. e4 c5 2. Nf3 d6 3. c3 Nf6 4. h3 a6 5. Bd3 b5 6. Bc2 Bb7 7. Qe2 Nbd7 8. O-O
e6 9. d4 Be7 10. Bf4 O-O 11. e5 dxe5 12. dxe5 Nd5 13. Qe4 g6 14. Bh6 Re8 15.
Qg4 Bf8 16. Bg5 Be7 17. Bh6 Bf8 18. Bxf8 Nxf8 19. Ng5 f5 20. Qh4 Qc7 21. Re1
Qg7 22. f4 h6 23. Nf3 Rad8 24. Nbd2 Nh7 25. a4 g5 26. fxg5 Nxg5 27. Nxg5 hxg5
28. Qf2 Nf4 29. Nf3 Qh6 30. Re3 Nxh3+ 31. gxh3 f4 32. Re2 Qh5 33. Nh2 Qxh3 34.
Rf1 Qh5 35. Rd1 Rxd1+ 36. Bxd1 Rd8 37. Rd2 Rxd2 38. Bxh5 Rxf2 39. Kxf2 Kg7 40.
axb5 axb5 41. b4 cxb4 42. cxb4 Kh6 43. Be8 Bd5 44. Ng4+ Kg7 45. Bxb5 Kg6 46.
Bd3+ Kf7 47. Nf6 Bb3 48. b5 Ke7 49. Be4 Kd8 50. b6 1-0

[Event "Championnat de France des Jeunes - Minim"]
[Site "Aix les Bains"]
[Date "2009.??.??"]
[Round "6.3"]
[White "Lenoel, Marine"]
[Black "De Seroux, Camille"]
[Result "0-1"]
[WhiteElo "1687"]
[BlackElo "1909"]
[PlyCount "118"]

1. e4 e5 2. Nf3 d6 3. Bc4 Nd7 4. Nc3 c6 5. d3 Be7 6. Bd2 h6 7. h3 Ngf6 8. O-O
O-O 9. Qe2 Qc7 10. Bb3 Nc5 11. Rad1 Nxb3 12. axb3 Re8 13. Nh4 Be6 14. Nf5 Bf8
15. Qf3 Nd7 16. Qg3 Kh8 17. f4 Rad8 18. fxe5 dxe5 19. Kh1 Nc5 20. Be3 Bxf5 21.
Rxf5 Ne6 22. Rdf1 f6 23. Qg6 Bc5 24. Bxc5 Nxc5 25. R1f3 Ne6 26. Rg3 Nf4 27. Qg4
Qf7 28. Qh4 Rd6 29. Rg4 Kh7 30. Qf2 g6 31. Rgxf4 gxf5 32. Rxf5 b6 33. Nd1 Rg8
34. Rxe5 Rxg2 35. Qxg2 fxe5 36. Ne3 Rg6 37. Qe2 Rg3 38. Qf1 Qxf1+ 39. Nxf1
Rxh3+ 40. Kg2 Rh5 41. Ne3 Rg5+ 42. Kh2 Kg6 43. b4 Kf6 44. c3 Rg8 45. d4 exd4
46. cxd4 Rd8 47. Nf5 c5 48. bxc5 bxc5 49. dxc5 Rd2+ 50. Kg3 Rxb2 51. Nxh6 Ke5
52. Ng4+ Kxe4 53. Nf2+ Kd5 54. Kf3 Rb3+ 55. Ke2 Kxc5 56. Nd3+ Kd4 57. Nc1 Rb2+
58. Ke1 Kc3 59. Ne2+ Rxe2+ 0-1

[Event "Championnat de France des Jeunes - Minim"]
[Site "Aix les Bains"]
[Date "2009.??.??"]
[Round "6.4"]
[White "Saucey, Capucine"]
[Black "Pinault, Mailys"]
[Result "0-1"]
[WhiteElo "1764"]
[BlackElo "1686"]
[PlyCount "123"]

1. e4 e5 2. Nf3 Nc6 3. Bc4 Bc5 4. c3 Nf6 5. d3 h6 6. Nbd2 O-O 7. h3 d6 8. Nf1
Na5 9. Bb5 c6 10. Ba4 b5 11. Bc2 Bb6 12. Be3 Re8 13. Ng3 d5 14. exd5 cxd5 15.
O-O Bb7 16. Re1 Nc6 17. Qd2 Kf8 18. Bxh6 gxh6 19. Qxh6+ Ke7 20. Nxe5 Nxe5 21.
Rxe5+ Kd7 22. d4 Rh8 23. Bf5+ Kc6 24. Qg7 Bc7 25. Re2 Rf8 26. Rae1 Bc8 27. Bxc8
Rxc8 28. Nf5 Ne4 29. Qh6+ Kb7 30. f3 Nd6 31. Ne7 Ra8 32. Qg5 Nc4 33. Qxd5+ Qxd5
34. Nxd5 Bg3 35. Re7+ Kc6 36. Nb4+ Kd6 37. R1e2 Nxb2 38. Na6 Nd1 39. Rc7 Rac8
40. Rxc8 Rxc8 41. Nc5 Nxc3 42. Rc2 Re8 43. Nd3 Nd5 44. Rc1 Nf4 45. Nxf4 Bxf4
46. Rb1 Bg3 47. Kf1 a6 48. Rc1 Kd5 49. Rd1 Kc4 50. d5 Kc5 51. d6 Bxd6 52. Kf2
Kc6 53. g4 Bc5+ 54. Kg3 Re2 55. h4 Bd6+ 56. f4 Rxa2 57. Rd3 Ra3 58. Rxa3 Bxa3
59. h5 Bb2 60. g5 Kd5 61. Kg4 Bh8 62. Kf5 0-1

[Event "Championnat de France des Jeunes - Minim"]
[Site "Aix les Bains"]
[Date "2009.??.??"]
[Round "6.5"]
[White "Lefevre, Margaux"]
[Black "Josse, Mathilde"]
[Result "1-0"]
[WhiteElo "2021"]
[BlackElo "1681"]
[PlyCount "115"]

1. e4 g6 2. d4 Bg7 3. Nc3 d6 4. Be3 a6 5. h3 b5 6. a3 Bb7 7. f4 Nd7 8. Nf3 Ngf6
9. Bd3 O-O 10. e5 Nd5 11. Nxd5 Bxd5 12. O-O c5 13. c3 Rc8 14. Re1 cxd4 15. Bxd4
dxe5 16. Nxe5 Nxe5 17. Bxe5 Bxe5 18. Rxe5 e6 19. Kh2 Qd6 20. g3 Rfd8 21. Qe1
Bc4 22. Bxc4 Rxc4 23. Re2 Rc5 24. a4 Rd5 25. axb5 axb5 26. Qf2 Rd2 27. Rae1 Qd3
28. Rxd2 Qxd2 29. Kg1 Rd5 30. Kf1 Qd3+ 31. Kg2 Qd2 32. Rf1 Qd3 33. Qe1 Qc4 34.
Rf2 Qc6 35. Qe4 Qd7 36. c4 Rc5 37. cxb5 Rxb5 38. Rc2 Qd8 39. Qc4 Rb8 40. b4 Qb6
41. Rb2 Ra8 42. b5 Kf8 43. Rc2 Rb8 44. Qc5+ Ke8 45. Qxb6 Rxb6 46. Rb2 Kd7 47.
Kf3 f6 48. Ke4 Kd6 49. g4 h6 50. Kd4 e5+ 51. fxe5+ fxe5+ 52. Kc4 Rb8 53. Rd2+
Kc7 54. Kc5 Rc8 55. Rd6 e4 56. Rc6+ Kd7 57. Rxc8 Kxc8 58. Kd4 1-0

[Event "Championnat de France des Jeunes - Minim"]
[Site "Aix les Bains"]
[Date "2009.??.??"]
[Round "6.6"]
[White "Le Bail, Arielle"]
[Black "Daadaa, Soha"]
[Result "1-0"]
[WhiteElo "1859"]
[BlackElo "1590"]
[PlyCount "97"]

1. d4 d5 2. c4 e6 3. Nc3 Nf6 4. cxd5 Nxd5 5. e4 Nf6 6. Bg5 Be7 7. Nf3 O-O 8.
Bd3 h6 9. Be3 b6 10. h3 Bb7 11. O-O Nbd7 12. Qd2 c5 13. e5 Nd5 14. Bxh6 Nxc3
15. bxc3 Bxf3 16. gxf3 Nxe5 17. Be4 Nc4 18. Qf4 Rc8 19. Qg3 Bf6 20. Qg4 Re8 21.
Kh1 Kf8 22. Be3 cxd4 23. cxd4 g6 24. Rad1 Bg7 25. Rg1 Qd7 26. d5 Nd6 27. Bb1
Qe7 28. Rge1 Bc3 29. Re2 Rc4 30. Qg2 Qb7 31. Bd3 Rcc8 32. Bf4 Nf5 33. Bxf5 exf5
34. Rxe8+ Rxe8 35. d6 Qd7 36. Kh2 Re6 37. Rc1 Be5 38. Bxe5 Rxe5 39. f4 Ra5 40.
Qa8+ Kg7 41. Rd1 Rxa2 42. Kg1 Qa4 43. Qd5 Qc2 44. Qd4+ f6 45. d7 Ra4 46. d8=Q
Rxd4 47. Qxd4 Qa2 48. Qd8 g5 49. Rd7+ 1-0

[Event "Championnat de France des Jeunes - Minim"]
[Site "Aix les Bains"]
[Date "2009.??.??"]
[Round "6.7"]
[White "Benac, Anais"]
[Black "Auvray, Juliette"]
[Result "0-1"]
[WhiteElo "1680"]
[BlackElo "1921"]
[PlyCount "82"]

1. e4 c6 2. Nf3 d5 3. exd5 cxd5 4. d4 Nc6 5. Bb5 Nf6 6. Ne5 Bd7 7. Nxd7 Qxd7 8.
c3 g6 9. h3 Bg7 10. Be3 a6 11. Bd3 O-O 12. O-O b5 13. a3 Na5 14. Nd2 e6 15. Qf3
Nc4 16. Nxc4 bxc4 17. Bc2 Rab8 18. Rab1 Rb6 19. b3 cxb3 20. Rxb3 Rxb3 21. Bxb3
Rc8 22. Bd2 Ne4 23. Qd3 Qb5 24. c4 dxc4 25. Bxc4 Qxc4 26. Rc1 Qxd3 27. Rxc8+
Bf8 28. Bb4 Kg7 29. Bxf8+ Kf6 30. Rc7 Qxd4 31. Be7+ Kg7 32. Rc8 Qxf2+ 33. Kh2
Qg3+ 34. Kg1 Nf2 35. Kf1 Nd1 36. Bf8+ Kf6 37. Bc5 Ne3+ 38. Ke2 Nxg2 39. Bd4+
Ke7 40. Bc5+ Kd7 41. Ra8 Qe5+ 0-1

[Event "Championnat de France des Jeunes - Minim"]
[Site "Aix les Bains"]
[Date "2009.??.??"]
[Round "6.8"]
[White "Auffret, Gaelle"]
[Black "Llacer, Cassandra"]
[Result "1/2-1/2"]
[WhiteElo "1667"]
[BlackElo "1910"]
[PlyCount "57"]

1. d4 d5 2. Nf3 Nc6 3. e3 Nf6 4. Bb5 a6 5. Bxc6+ bxc6 6. c4 e6 7. c5 Bb7 8. Qa4
Nd7 9. b4 g6 10. Nbd2 Bg7 11. Bb2 O-O 12. O-O f6 13. Nb3 Nb8 14. Na5 Bc8 15.
Rab1 Bd7 16. Rfd1 Qe7 17. Rd2 e5 18. Rbd1 e4 19. Ne1 f5 20. Qb3 f4 21. Re2 f3
22. Red2 Qg5 23. Kh1 Bg4 24. Rc1 fxg2+ 25. Kg1 Bh3 26. Qd1 Qxe3 27. Rc3 Qh6 28.
Rg3 e3 29. Re2 1/2-1/2

[Event "Championnat de France des Jeunes - Minim"]
[Site "Aix les Bains"]
[Date "2009.??.??"]
[Round "6.9"]
[White "Kohi, Camilla"]
[Black "Abidi, Ines"]
[Result "1-0"]
[WhiteElo "1843"]
[BlackElo "1643"]
[PlyCount "86"]

1. d4 d5 2. c4 e6 3. Nc3 Nf6 4. Nf3 Be7 5. Bg5 O-O 6. e3 h6 7. Bh4 b6 8. Bd3
Nbd7 9. O-O Bb7 10. Rc1 c5 11. Re1 Ne4 12. Bxe7 Nxc3 13. bxc3 Qxe7 14. e4 dxe4
15. Bxe4 Bxe4 16. Rxe4 Nf6 17. Re1 Qc7 18. Ne5 Rfd8 19. Qf3 Rac8 20. Red1 b5
21. cxb5 cxd4 22. Nc6 Re8 23. Rxd4 Qb6 24. Qd3 e5 25. Ra4 e4 26. Qe2 Kh8 27.
Rxa7 Rxc6 28. Ra6 Rxc3 29. Rxc3 Qd4 30. Rc1 e3 31. h3 Nd5 32. Ra3 Qd2 33. Qxd2
exd2 34. Rf1 Nf4 35. Re3 Rc8 36. f3 Ng6 37. f4 h5 38. Rd3 h4 39. g4 Rc2 40. b6
Kh7 41. b7 Rb2 42. Rb3 Rxa2 43. b8=Q Nxf4 1-0

[Event "Championnat de France des Jeunes - Minim"]
[Site "Aix les Bains"]
[Date "2009.??.??"]
[Round "6.10"]
[White "Colin, Phanie"]
[Black "Turquetille, Annabelle"]
[Result "0-1"]
[WhiteElo "1800"]
[BlackElo "1590"]
[PlyCount "78"]

1. c4 e5 2. Nc3 Nf6 3. Nf3 e4 4. Ng5 Qe7 5. g3 h6 6. Nh3 c6 7. Bg2 d5 8. cxd5
cxd5 9. d3 Nc6 10. Nf4 d4 11. Nxe4 Nxe4 12. dxe4 Qb4+ 13. Qd2 Qxd2+ 14. Bxd2
Bb4 15. Bxb4 Nxb4 16. O-O O-O 17. a3 Nc6 18. Rfd1 Be6 19. b4 Bc4 20. Rd2 a5 21.
Rb1 axb4 22. axb4 b5 23. e5 Rfc8 24. Bxc6 Rxc6 25. Rxd4 Ra2 26. Nd5 Re6 27. Ne3
Rxe5 28. Nxc4 bxc4 29. Rxc4 Rexe2 30. Rf4 Rab2 31. Rxb2 Rxb2 32. Rc4 g5 33.
Rc8+ Kg7 34. Rb8 h5 35. b5 f5 36. b6 h4 37. gxh4 gxh4 38. Kg2 Rb3 39. b7 h3+
0-1

[Event "Championnat de France des Jeunes - Minim"]
[Site "Aix les Bains"]
[Date "2009.??.??"]
[Round "6.11"]
[White "Daif, Sarah"]
[Black "Copin, Oceane"]
[Result "0-1"]
[WhiteElo "1588"]
[BlackElo "1790"]
[PlyCount "106"]

1. Nf3 d5 2. c4 e6 3. cxd5 exd5 4. d4 Nf6 5. Bg5 Be7 6. Nc3 c6 7. a3 a5 8. e3
O-O 9. Bd3 Bg4 10. O-O Na6 11. h3 Bh5 12. Rc1 h6 13. Bh4 Ne4 14. Bxe7 Qxe7 15.
Be2 Nc7 16. Nxe4 Qxe4 17. Ne5 Bxe2 18. Qxe2 Ne6 19. Qg4 Qxg4 20. Nxg4 f6 21.
Rc2 a4 22. Rb1 Nc7 23. Nh2 Ra6 24. Nf3 Rb6 25. Rc5 Ra8 26. Nd2 Nb5 27. Kf1 Kf8
28. Ke2 Ke7 29. Kf3 Kd7 30. Kf4 g6 31. h4 Nc7 32. Kg3 Ne6 33. Rc3 h5 34. b3 Nc7
35. bxa4 Rxb1 36. Nxb1 Rxa4 37. Rb3 Nb5 38. Nc3 Rxa3 39. Rxa3 Nxa3 40. Na4 Kd6
41. Kf4 Nb5 42. g4 hxg4 43. Kxg4 Nc7 44. h5 gxh5+ 45. Kxh5 b5 46. Nc5 b4 47.
Kg6 Ke7 48. f4 Nb5 49. Na4 b3 50. Kf5 Nd6+ 51. Kg4 Nc4 52. Kf3 b2 53. Ke2 b1=Q
0-1

[Event "Championnat de France des Jeunes - Minim"]
[Site "Aix les Bains"]
[Date "2009.??.??"]
[Round "6.12"]
[White "Alonso, Audrey"]
[Black "Bogen, Fanny"]
[Result "1-0"]
[WhiteElo "1774"]
[BlackElo "1570"]
[PlyCount "81"]

1. e4 c5 2. c4 Nc6 3. g3 Nf6 4. Bg2 e6 5. Nc3 Be7 6. Nge2 Nb4 7. d3 d5 8. a3
Qa5 9. Bf4 Nc6 10. exd5 exd5 11. cxd5 Nd4 12. Nxd4 cxd4 13. Qa4+ Qxa4 14. Nxa4
Bd7 15. d6 Bxa4 16. dxe7 Kxe7 17. Bxb7 Rad8 18. O-O Rhe8 19. Be5 Nd7 20. Bxd4
Nb6 21. Rfe1+ Kf8 22. Bc5+ Kg8 23. Bxb6 axb6 24. Ba6 Ra8 25. Bc4 b5 26. Bd5
Rad8 27. Rxe8+ Rxe8 28. b3 Rd8 29. bxa4 Rxd5 30. axb5 Rxb5 31. a4 Rd5 32. Ra3
Ra5 33. Kf1 g5 34. Ke2 Re5+ 35. Kd2 Rf5 36. a5 Rxf2+ 37. Ke3 Rxh2 38. a6 Rh3
39. Kf3 f5 40. a7 g4+ 41. Kf4 1-0

[Event "Championnat de France des Jeunes - Minim"]
[Site "Aix les Bains"]
[Date "2009.??.??"]
[Round "6.13"]
[White "Guo, Charlotte"]
[Black "Briatte, Coline"]
[Result "1-0"]
[WhiteElo "1713"]
[BlackElo "1400"]
[PlyCount "73"]

1. e4 c5 2. Nf3 d6 3. d4 cxd4 4. Nxd4 Nf6 5. Nc3 a6 6. Bg5 e6 7. f4 Be7 8. Qf3
h6 9. Bh4 Nbd7 10. O-O-O Qc7 11. Bg3 b5 12. f5 e5 13. Nb3 Bb7 14. Bd3 b4 15.
Nd5 Bxd5 16. exd5 a5 17. Bb5 a4 18. Nd2 b3 19. axb3 a3 20. bxa3 Rxa3 21. Kb2
Ra5 22. Bc6 O-O 23. Nc4 Ra6 24. Bb5 Raa8 25. Bc6 Rab8 26. Bf2 Qc8 27. Ra1 Rb4
28. Ra8 Rb8 29. Rha1 Ne8 30. Bxd7 Rxb3+ 31. cxb3 Qxd7 32. R1a7 Nc7 33. Nb6 e4
34. Qxe4 Bf6+ 35. Kc2 Re8 36. Nxd7 Nxa8 37. Qxe8+ 1-0

[Event "Championnat de France des Jeunes - Minim"]
[Site "Aix les Bains"]
[Date "2009.??.??"]
[Round "6.14"]
[White "Bellotti, Charlotte"]
[Black "Lefort, Sophie"]
[Result "1-0"]
[WhiteElo "1758"]
[BlackElo "1370"]
[PlyCount "71"]

1. c4 e5 2. Nc3 Nf6 3. Nf3 Nc6 4. g3 d5 5. cxd5 Nxd5 6. Bg2 Nb6 7. d3 Be7 8.
O-O O-O 9. a3 Bf6 10. Ne4 Be7 11. b4 f5 12. Ned2 Bf6 13. Bb2 Nd4 14. Nxd4 exd4
15. Qb3+ Kh8 16. Nf3 Re8 17. Rfe1 c6 18. a4 Be6 19. Qc2 Qd7 20. Ba3 Qc7 21. b5
Nd5 22. bxc6 bxc6 23. Bc5 f4 24. Bxd4 fxg3 25. hxg3 Bg4 26. Bxf6 Nxf6 27. Nd4
Rac8 28. Qxc6 Qe5 29. Nf3 Qxa1 30. Qxe8+ Rxe8 31. Rxa1 Rxe2 32. Rb1 h6 33. Rb7
Bxf3 34. Bxf3 Rd2 35. Be4 Ng4 36. Rb8# 1-0

[Event "Championnat de France des Jeunes - Minim"]
[Site "Aix les Bains"]
[Date "2009.??.??"]
[Round "6.15"]
[White "Dufour, Celine"]
[Black "Uhl, Sarah"]
[Result "1/2-1/2"]
[WhiteElo "1520"]
[BlackElo "1729"]
[PlyCount "113"]

1. e4 c5 2. Nf3 e6 3. c3 d5 4. e5 Nc6 5. d4 Qb6 6. Na3 a6 7. Nc2 Bd7 8. Bd3
cxd4 9. Ncxd4 Nxd4 10. cxd4 Ne7 11. O-O Ng6 12. Rb1 Be7 13. Be3 Rc8 14. Qe2 O-O
15. Rfc1 Rxc1+ 16. Rxc1 Rc8 17. Qd1 Bc6 18. Rc2 Nf8 19. Nd2 f5 20. Nb3 Bd7 21.
Rxc8 Bxc8 22. Qf3 Bd7 23. Qd1 Bb5 24. Bxb5 Qxb5 25. Qf1 Qd7 26. Qc1 Qd8 27. Nc5
Qc8 28. Nb3 Qxc1+ 29. Bxc1 b6 30. Kf1 Nd7 31. Ke2 Kf8 32. Nd2 Bg5 33. Kd1 Ke8
34. Nf3 Bxc1 35. Kxc1 h6 36. Kd2 Nb8 37. Kd3 Nc6 38. a3 Na5 39. Kc3 Nc4 40. Nd2
Nxd2 41. Kxd2 Kd7 42. Kc3 Kc6 43. a4 b5 44. a5 g6 45. b4 g5 46. g3 Kd7 47. Kd3
Ke7 48. Ke3 Kf7 49. h3 Kg6 50. f3 Kh5 51. f4 Kg6 52. fxg5 Kxg5 53. Kf3 h5 54.
h4+ Kg6 55. Kf4 Kh6 56. Kf3 Kg6 57. Kf4 1/2-1/2

[Event "Championnat de France des Jeunes - Benjamins"]
[Site "AIX LES BAINS "]
[Date ""]
[Round "6.1"]
[White "Moussard, Jules"]
[Black "Giroyan, Gary"]
[Result "0-1"]
[WhiteElo "2276"]
[BlackElo "2168"]
[Annotator ""]

1. e4 e6 2. d3 d5 3. e5 c5 4. Nf3 Nc6 5. g3 Qc7 6. Qe2 Nge7 7. c3 Ng6 8. d4
cxd4 9. cxd4 Nxd4 10. Nxd4 Qxc1+ 11. Qd1 Bb4+ 12. Nc3 Qxb2 13. Bb5+ Kf8 14. O-O
Bxc3 15. Nb3 a6 16. Be2 Bd7 17. f4 Ba4 18. Rc1 Bxb3 19. axb3 Qd2 20. Qxd2 Bxd2
21. Rc7 Ne7 22. Rxb7 g6 23. Kf2 a5 0-1